School plant management bibliography. (Record no. 34204)
[ view plain ]
| 000 -LEADER | |
|---|---|
| fixed length control field | 00643cam a22002291 4500 |
| 001 - CONTROL NUMBER | |
| control field | hew59000054 |
| 003 - CONTROL NUMBER IDENTIFIER | |
| control field | DLC |
| 005 - DATE AND TIME OF LATEST TRANSACTION | |
| control field | 20260227111509.0 |
| 008 - FIXED-LENGTH DATA ELEMENTS--GENERAL INFORMATION | |
| fixed length control field | 820127s1959 dcu 000 0 eng |
| 010 ## - LIBRARY OF CONGRESS CONTROL NUMBER | |
| LC control number | hew59000054 |
| 035 ## - SYSTEM CONTROL NUMBER | |
| System control number | (OCoLC)8098936 |
| 040 ## - CATALOGING SOURCE | |
| Original cataloging agency | DLC |
| Transcribing agency | OrU |
| Modifying agency | OrU |
| -- | DLC |
| 042 ## - AUTHENTICATION CODE | |
| Authentication code | premarc |
| 050 00 - LIBRARY OF CONGRESS CALL NUMBER | |
| Classification number | Z5814.M26 |
| Item number | U5 |
| 110 1# - MAIN ENTRY--CORPORATE NAME | |
| Corporate name or jurisdiction name as entry element | United States. |
| Subordinate unit | Office of Education. |
| 245 10 - TITLE STATEMENT | |
| Title | School plant management bibliography. |
| Statement of responsibility, etc. | by N. E. Viles. |
| 260 ## - PUBLICATION, DISTRIBUTION, ETC. | |
| Place of publication, distribution, etc. | Washington, |
| Date of publication, distribution, etc. | 1959. |
| 300 ## - PHYSICAL DESCRIPTION | |
| Extent | 38 p. |
| Dimensions | 27 cm. |
| 500 ## - GENERAL NOTE | |
| General note | Cover title. |
| 650 #0 - SUBJECT ADDED ENTRY--TOPICAL TERM | |
| Topical term or geographic name entry element | School plant management |
| Form subdivision | Bibliography. |
| 700 1# - ADDED ENTRY--PERSONAL NAME | |
| Personal name | Viles, Nelson Eric, |
| Dates associated with a name | 1891- |
No items available.